000 00673nam a2200217 4500
003 OSt
005 20240701031747.0
006 a
008 240701b |||||||| |||| 00| 0 eng d
020 _a9789810695910
040 _aDWCL-HMN lib.
_cOC
082 _2Third edition
_aCirc. 647.94 W181i 2010
100 _aWalker, John R.
245 _aIntroduction to hospitality management /
250 _aThird edition
260 _aSingapore :
_bPearson Education South Asia Pte Ltd.,
_cc2010.
300 _axxxvii,
_b662 p. : ill. ;
_c26 cm.
504 _aIncludes index.
650 _a1. Hospitality industry-Management.
942 _2ddc
_n0
_cBK-CIRC
_eThird edition
_kCirc.
999 _c1692
_d1692